000 00387nam a22001697a 4500
005 20180312154210.0
008 160621b xxu||||| |||| 00| 0 eng d
020 _a81-219-1248-2
041 _aeng
082 _b8766
_a332.6
100 _aBhalla, V.K
_94187
245 _aInvestment Management
260 _bS Chand
_c2004
300 _a1033
650 _aManagement
_9241
942 _cBK
999 _c3403
_d3402